All Formula One Host Countries (with map) - Statistics

General Stats
  • This quiz has been taken 100 times
  • The average score is 31 of 34
Answers on the Map
Answers color-coded by a green-red scale on the quiz's map according to % correct below.
 
Answer Stats
Answer % Correct
Italy
100%
Brazil
99%
Japan
99%
Mexico
99%
Spain
99%
United Kingdom
99%
United States
99%
Argentina
98%
Australia
98%
China
98%
France
98%
Russia
98%
Saudi Arabia
98%
Canada
96%
Germany
96%
Qatar
95%
Austria
94%
Netherlands
93%
Belgium
91%
India
91%
Portugal
91%
Monaco
89%
South Africa
89%
Switzerland
89%
Turkey
89%
Sweden
86%
United Arab Emirates
86%
Hungary
85%
Bahrain
84%
Morocco
83%
Singapore
83%
South Korea
81%
Malaysia
80%
Azerbaijan
78%
No matching quizzes found
Score Distribution
Percent of People with Each Score
Percentile by Number Answered
Your Score History
You have not taken this quiz